| 000 -LEADER |
| fixed length control field |
01106nam a22002297a 4500 |
| 005 - DATE AND TIME OF LATEST TRANSACTION |
| control field |
20240129090728.0 |
| 008 - FIXED-LENGTH DATA ELEMENTS--GENERAL INFORMATION |
| fixed length control field |
240129b ||||| |||| 00| 0 eng d |
| 020 ## - INTERNATIONAL STANDARD BOOK NUMBER |
| International Standard Book Number |
9780141325224 |
| 040 ## - CATALOGING SOURCE |
| Transcribing agency |
KH8 |
| 082 ## - DEWEY DECIMAL CLASSIFICATION NUMBER |
| Classification number |
823.92 CAS |
| 100 ## - MAIN ENTRY--PERSONAL NAME |
| Personal name |
Cassidy, Cathy, |
| Dates associated with a name |
1962- |
| Relator term |
Author |
| 245 ## - TITLE STATEMENT |
| Title |
Cherry crush/ |
| Statement of responsibility, etc. |
Cathy Cassidy |
| 260 ## - PUBLICATION, DISTRIBUTION, ETC. |
| Place of publication, distribution, etc. |
London, |
| Name of publisher, distributor, etc. |
Puffin, |
| Date of publication, distribution, etc. |
2011 |
| 300 ## - PHYSICAL DESCRIPTION |
| Extent |
272 pages : |
| Other physical details |
illustrations ; |
| Dimensions |
20 cm |
| 440 ## - SERIES STATEMENT/ADDED ENTRY--TITLE |
| Title |
The chocolate box girls |
| 520 ## - SUMMARY, ETC. |
| Summary, etc. |
Cherry Costello's life is about to change forever. She and Dad are moving to Somerset where a new mum and a bunch of brand-new sisters await. And on Cherry's first day there she meets Shay Fletcher - the kind of boy who should carry a government health warning. But Shay already has a girlfriend, Cherry's new stepsister, Honey. Cherry knows her friendship with Shay is dangerous - it could destroy everything. But that doesn't mean she's going to stay away from him .. |
| 521 ## - TARGET AUDIENCE NOTE |
| Target audience note |
<br/>Children's stories |
| 650 ## - SUBJECT ADDED ENTRY--TOPICAL TERM |
| Topical term or geographic name entry element |
Children's fiction |
| 650 ## - SUBJECT ADDED ENTRY--TOPICAL TERM |
| Topical term or geographic name entry element |
Children's stories |
| 650 ## - SUBJECT ADDED ENTRY--TOPICAL TERM |
| Topical term or geographic name entry element |
Chocolate industry |
| Form subdivision |
Fiction |
| 942 ## - ADDED ENTRY ELEMENTS (KOHA) |
| Source of classification or shelving scheme |
|
| Koha item type |
Books - Fiction |